[Event "Krajsky prebor jednotlivcu KHSS"]
[Site "Janske Lazne"]
[Date "2015.05.08"]
[Round "6.26"]
[White "Peroutka, Ivo"]
[Black "Nosek, Jan"]
[Result "1-0"]
[WhiteElo "1877"]
[BlackElo "1833"]
[PlyCount "103"]
[EventDate "2015.05.05"]

1. d4 Nf6 2. c4 g6 3. Nc3 d5 4. Nf3 Bg7 5. Bf4 c6 6. e3 O-O 7. Rc1 Bf5 8. Be5
Nbd7 9. a3 dxc4 10. Bxc4 Nxe5 11. Nxe5 Qb6 12. Qd2 Rad8 13. b4 Ne4 14. Nxe4
Bxe4 15. f4 Bd5 16. Bxd5 Rxd5 17. O-O f6 18. Nc4 Qd8 19. Qa2 Kh8 20. g3 e5 21.
fxe5 fxe5 22. Rxf8+ Qxf8 23. Rf1 Qe8 24. dxe5 Bxe5 25. Qf2 Bg7 26. Qf7 Qxf7 27.
Rxf7 Rd1+ 28. Kf2 b5 29. Na5 Bb2 30. Rxa7 Bxa3 31. Nxc6 Rc1 32. Rxa3 Rxc6 33.
Ra5 Rc2+ 34. Kf3 Rxh2 35. Rxb5 Kg7 36. e4 Kf6 37. Rb8 Ke5 38. b5 Kd4 39. b6 Kc5
40. e5 Rh5 41. Ke4 Kc6 42. e6 Rh1 43. Ke5 Re1+ 44. Kf6 Rf1+ 45. Kg7 Re1 46. Kf7
Rf1+ 47. Ke8 Kd6 48. e7 Ke6 49. Rc8 Rb1 50. Rc6+ Kd5 51. Rf6 Ke5 52. Kf7 1-0

[Event "Krajsky prebor jednotlivcu KHSS"]
[Site "Janske Lazne"]
[Date "2015.05.08"]
[Round "6.27"]
[White "Jina, Lubos"]
[Black "Svec, Ludek"]
[Result "1-0"]
[WhiteElo "1772"]
[BlackElo "1714"]
[PlyCount "119"]
[EventDate "2015.05.05"]

1. d4 d5 2. Nf3 Nf6 3. e3 Bf5 4. c4 e6 5. Nc3 Bb4 6. Be2 O-O 7. O-O c6 8. a3
Bxc3 9. bxc3 Nbd7 10. Nh4 Bg6 11. Nxg6 hxg6 12. f3 Re8 13. Qc2 Nb6 14. c5 Nbd7
15. Bd3 e5 16. e4 b6 17. exd5 cxd5 18. cxb6 Nxb6 19. dxe5 Rxe5 20. Bf4 Re6 21.
Qb3 d4 22. c4 Rc8 23. Rac1 Nfd7 24. Qd1 Nc5 25. Kf2 Qh4+ 26. Bg3 Qf6 27. Re1
Rxe1 28. Kxe1 Qe6+ 29. Kf1 Qe3 30. Bb1 Qxa3 31. Bf2 Rd8 32. Rc2 Qd3+ 33. Qxd3
Nxd3 34. c5 Nc8 35. Bg3 Nb4 36. Rc4 a5 37. Bc7 Rd7 38. Bxa5 Nc6 39. Bd2 Ne5 40.
Rc1 Ne7 41. h3 N5c6 42. Bd3 Rb7 43. Rb1 Rxb1+ 44. Bxb1 Kf8 45. Bf4 Ke8 46. Ba2
Nb4 47. Bc4 Nec6 48. Ke2 f6 49. Bd2 g5 50. Bb5 Ke7 51. Kd1 Ke6 52. Bc4+ Ke5 53.
g3 Kf5 54. Ke2 Na5 55. Bf7 Nac6 56. Be8 Ke5 57. Bf7 Kf5 58. f4 gxf4 59. gxf4
Nd5 60. Bxd5 1-0

[Event "Krajsky prebor jednotlivcu KHSS"]
[Site "Janske Lazne"]
[Date "2015.05.09"]
[Round "7.1"]
[White "Vojta, Tomas"]
[Black "Kaderabek, Jiri"]
[Result "1-0"]
[WhiteElo "2369"]
[BlackElo "2171"]
[PlyCount "65"]
[EventDate "2015.05.05"]
[WhiteClock "0:22:22"]
[BlackClock "0:23:02"]

1. e4 c5 2. f4 d6 3. Nf3 Nc6 4. Bb5 Bg4 5. Nc3 g6 6. O-O Bg7 7. d3 e6 8. Bxc6+
bxc6 9. h3 Bxf3 10. Qxf3 Qd7 11. f5 O-O-O 12. Bg5 Bd4+ 13. Be3 Bxe3+ 14. Qxe3
exf5 15. exf5 Ne7 16. f6 Nf5 17. Qf2 Qb7 18. Rab1 Qb4 19. g4 Nd4 20. a3 Qb6 21.
b4 h5 22. Ne4 c4 23. dxc4 Nf3+ 24. Kg2 Qxf2+ 25. Kxf2 hxg4 26. hxg4 Ne5 27. Kg3
Nxc4 28. Ng5 Ne5 29. Rbe1 Rdf8 30. Re4 Kc7 31. c4 Re8 32. Rfe1 Kd7 33. c5 1-0

[Event "Krajsky prebor jednotlivcu KHSS"]
[Site "Janske Lazne"]
[Date "2015.05.09"]
[Round "7.2"]
[White "Kozusek, Daniel"]
[Black "Kowalczyk, Pawel"]
[Result "0-1"]
[WhiteElo "2337"]
[BlackElo "2292"]
[PlyCount "70"]
[EventDate "2015.05.05"]
[WhiteClock "0:42:17"]
[BlackClock "0:21:42"]

1. d4 Nf6 2. c4 c6 3. Nf3 g6 4. g3 Bg7 5. Bg2 O-O 6. O-O d6 7. Nc3 a6 8. e4 b5
9. e5 Ne8 10. Qe2 Qa5 11. Bg5 Ra7 12. Nd2 dxe5 13. Nb3 Qc7 14. d5 b4 15. Na4
cxd5 16. cxd5 Bd7 17. Rfc1 Qd6 18. Be3 Rc7 19. Bc5 Qf6 20. Nb6 Rxc5 21. Nxc5
Qxb6 22. Nxd7 Nxd7 23. Rc6 Qb5 24. Qd2 Nef6 25. d6 e4 26. Rac1 exd6 27. Qxd6 a5
28. Rc8 Qf5 29. h3 h5 30. R8c7 Bh6 31. Rd1 Ne5 32. Rc5 Re8 33. Qb6 e3 34. f4 e2
35. Re1 Nfd7 0-1

[Event "Krajsky prebor jednotlivcu KHSS"]
[Site "Janske Lazne"]
[Date "2015.05.09"]
[Round "7.3"]
[White "Cap, Adam"]
[Black "Jedlicka, Lubos"]
[Result "1/2-1/2"]
[WhiteElo "2195"]
[BlackElo "2210"]
[PlyCount "23"]
[EventDate "2015.05.05"]
[WhiteClock "1:04:22"]
[BlackClock "1:25:40"]

1. e4 c5 2. Nf3 d6 3. d4 cxd4 4. Nxd4 Nf6 5. Nc3 g6 6. Be3 Bg7 7. f3 O-O 8. Bc4
Nc6 9. Qd2 Bd7 10. O-O Rc8 11. Bb3 Ne5 12. Kh1 1/2-1/2

[Event "Krajsky prebor jednotlivcu KHSS"]
[Site "Janske Lazne"]
[Date "2015.05.09"]
[Round "7.4"]
[White "Juricek, Stanislav"]
[Black "Moravec, Vit"]
[Result "1/2-1/2"]
[WhiteElo "2097"]
[BlackElo "2222"]
[PlyCount "55"]
[EventDate "2015.05.05"]
[WhiteClock "0:33:50"]
[BlackClock "0:41:45"]

1. e4 e6 2. d4 d5 3. Nc3 Bb4 4. e5 b6 5. Bd2 Qd7 6. Nf3 Ba6 7. Bxa6 Nxa6 8. O-O
h5 9. Re1 Nh6 10. Ne2 Nf5 11. Bxb4 Nxb4 12. c3 Nc6 13. Qd3 Nce7 14. Nf4 g6 15.
Ne2 h4 16. g4 hxg3 17. hxg3 Kf8 18. Kg2 Kg7 19. Rh1 Rxh1 20. Rxh1 Rh8 21. Rxh8
Kxh8 22. Qd2 Kg7 23. g4 Nh6 24. Qg5 Neg8 25. Nf4 Kh7 26. Qh4 Kg7 27. Qg5 Kh7
28. Qh4 1/2-1/2

[Event "Krajsky prebor jednotlivcu KHSS"]
[Site "Janske Lazne"]
[Date "2015.05.09"]
[Round "7.5"]
[White "Valenta, Vit"]
[Black "Tovarek, Antonin"]
[Result "1-0"]
[WhiteElo "2167"]
[BlackElo "1963"]
[PlyCount "143"]
[EventDate "2015.05.05"]
[WhiteClock "0:08:44"]
[BlackClock "0:04:34"]

1. b4 e5 2. Bb2 Bxb4 3. Bxe5 Nf6 4. Nf3 O-O 5. e3 d5 6. Be2 c5 7. O-O Nc6 8.
Bb2 Re8 9. d3 Bf5 10. Nbd2 b5 11. Nb3 c4 12. Nbd4 Nxd4 13. Nxd4 Bd7 14. Bf3 c3
15. Bc1 Rb8 16. Re1 Bc5 17. Nb3 Bd6 18. g3 a5 19. Nd4 Bc5 20. Ne2 b4 21. Nf4
Bc6 22. Ne2 Qd7 23. Nd4 Bb7 24. Nb3 Bb6 25. a3 d4 26. Bxb7 dxe3 27. Bxe3 Qxb7
28. axb4 Bxe3 29. Rxe3 axb4 30. Qe2 Rxe3 31. Qxe3 Ra8 32. Rxa8+ Qxa8 33. Qe7
Nd5 34. Qe4 h6 35. h3 Qd8 36. Kg2 g6 37. Nc5 Qd6 38. Qe8+ Kg7 39. Ne4 Qc7 40.
Qb5 Qe5 41. Qb7 Qd4 42. Qb5 Qe5 43. Qc5 Kg8 44. f4 Qe6 45. Kf2 Qb6 46. Qxb6
Nxb6 47. Ke2 Kf8 48. d4 Ke7 49. Kd3 f5 50. Nc5 Kd6 51. Nb7+ Kd5 52. Nc5 Nc4 53.
Na6 Nb2+ 54. Ke3 Kc4 55. d5 b3 56. cxb3+ Kxd5 57. Nb4+ Kc5 58. Nc2 Kd5 59. Nb4+
Kc5 60. Na2 Nd1+ 61. Ke2 Nb2 62. Nxc3 Kb4 63. Nd5+ Kxb3 64. Ne7 Nc4 65. Nxg6
Nd6 66. g4 Kc4 67. g5 hxg5 68. fxg5 Nf7 69. h4 Kd4 70. Kf3 Kd5 71. Kf4 Ke6 72.
h5 1-0

[Event "Krajsky prebor jednotlivcu KHSS"]
[Site "Janske Lazne"]
[Date "2015.05.09"]
[Round "7.6"]
[White "Soural, Jan"]
[Black "Mladek, Richard"]
[Result "1-0"]
[WhiteElo "2211"]
[BlackElo "1904"]
[PlyCount "89"]
[EventDate "2015.05.05"]
[WhiteClock "0:03:05"]
[BlackClock "0:28:38"]

1. d4 b5 2. a4 b4 3. e4 Bb7 4. Bd3 e6 5. Nf3 c5 6. O-O Qc7 7. Qe2 Nf6 8. d5 Be7
9. c4 bxc3 10. d6 Bxd6 11. e5 Bxe5 12. Nxe5 cxb2 13. Bxb2 d6 14. Bb5+ Ke7 15.
Ng4 a6 16. Bd3 Nc6 17. Nd2 Nb4 18. Nxf6 gxf6 19. Be4 d5 20. Bf3 a5 21. Rfc1
Rac8 22. Qe3 Qd6 23. Nc4 Qa6 24. Qf4 e5 25. Nxe5 fxe5 26. Qxe5+ Qe6 27. Qg5+
Kd6 28. Bg4 Qg6 29. Qf4+ Kc6 30. Bxh8 Rxh8 31. Qd4 Nd3 32. Qxh8 Nxc1 33. Qe8+
Kb6 34. Qb5+ Kc7 35. Qd7+ Kb8 36. Rxc1 Qd3 37. Qd8+ Ka7 38. Qxa5+ Kb8 39. Qd8+
Ka7 40. Qa5+ Kb8 41. Qxc5 f5 42. Qf8+ Ka7 43. Qc5+ Kb8 44. Qf8+ Ka7 45. Bxf5
1-0

[Event "Krajsky prebor jednotlivcu KHSS"]
[Site "Janske Lazne"]
[Date "2015.05.09"]
[Round "7.7"]
[White "Karlik, Vladimir"]
[Black "Pychova, Nela"]
[Result "1-0"]
[WhiteElo "2312"]
[BlackElo "1980"]
[PlyCount "219"]
[EventDate "2015.05.05"]
[WhiteClock "0:04:24"]
[BlackClock "0:01:07"]

1. d4 Nf6 2. Nf3 e6 3. Bf4 c5 4. e3 b6 5. Nbd2 Be7 6. h3 O-O 7. c3 Bb7 8. Bd3
cxd4 9. exd4 Nc6 10. O-O Re8 11. Re1 Bf8 12. Ne4 Nxe4 13. Bxe4 f5 14. Bd3 Ne7
15. c4 Ng6 16. Bg3 Qf6 17. Ne5 Nxe5 18. Bxe5 Qg5 19. Bf1 Rac8 20. Rc1 Kh8 21.
a3 d6 22. Bh2 Qf6 23. Qd2 e5 24. d5 Qf7 25. f3 Rc7 26. Kh1 Rec8 27. Bg1 Be7 28.
a4 Bd8 29. Ra1 Ba6 30. b3 Bb7 31. Rec1 Bf6 32. Rab1 Qg6 33. Be3 Rd8 34. a5 bxa5
35. Qxa5 Qf7 36. Qd2 Bc8 37. b4 h6 38. Rd1 Rcd7 39. Rb3 Qg6 40. Ra3 Bg5 41.
Rda1 Bxe3 42. Qxe3 a6 43. Rd1 Qf7 44. Rad3 Bb7 45. R3d2 Kh7 46. Bd3 g6 47. Bc2
Rc8 48. Bb3 Qf8 49. Qb6 Qd8 50. Qxd8 Rdxd8 51. Rc1 a5 52. bxa5 Rc5 53. Ra1 Ba6
54. Ra4 Rb8 55. Rd3 Kg7 56. Kg1 Kf6 57. Re3 f4 58. Rc3 e4 59. fxe4 Ke5 60. Bc2
Kd4 61. Rd3+ Ke5 62. Rb3 Rxb3 63. Bxb3 Kxe4 64. Rb4 Ke5 65. Ra4 Kd4 66. Kf2 g5
67. Bd1 Rxc4 68. Ra2 Rc5 69. Be2 Bxe2 70. Kxe2 Kxd5 71. a6 Rc8 72. a7 Ra8 73.
Ra6 Kc5 74. Kf3 Kb5 75. Rxd6 Rxa7 76. Rxh6 Ra3+ 77. Kf2 Kc4 78. Rh5 Rg3 79. h4
gxh4 80. Rxh4 Rg8 81. Rxf4+ Kd5 82. Kf3 Ke5 83. g4 Ke6 84. Kg3 Ke5 85. Rf5+ Ke6
86. Kh4 Rg6 87. Kh5 Rg8 88. Ra5 Kf7 89. Ra7+ Kf6 90. Ra6+ Kf7 91. g5 Rh8+ 92.
Rh6 Rg8 93. Rh7+ Ke6 94. g6 Ra8 95. Kh6 Ra2 96. Rf7 Rh2+ 97. Kg7 Rh1 98. Rf2
Rh3 99. Re2+ Kd6 100. Kg8 Rg3 101. g7 Rh3 102. Re4 Kd5 103. Re8 Kd6 104. Re1
Rh2 105. Re4 Kd5 106. Rf4 Ke5 107. Rf1 Ra2 108. Kf7 Ra7+ 109. Kg6 Ra6+ 110. Kh7
1-0

[Event "Krajsky prebor jednotlivcu KHSS"]
[Site "Janske Lazne"]
[Date "2015.05.09"]
[Round "7.8"]
[White "Tazlar, Petr"]
[Black "Rojikova, Lenka"]
[Result "1-0"]
[WhiteElo "2229"]
[BlackElo "1969"]
[PlyCount "105"]
[EventDate "2015.05.05"]
[WhiteClock "0:20:30"]
[BlackClock "0:04:18"]

1. b3 Nf6 2. Bb2 g6 3. e4 Bg7 4. e5 Ng8 5. f4 d5 6. d4 c5 7. dxc5 Qa5+ 8. Qd2
Qxd2+ 9. Nxd2 Nh6 10. Bd3 O-O 11. Ngf3 Nc6 12. Nd4 Nxd4 13. Bxd4 Nf5 14. Bf2 f6
15. exf6 Bxf6 16. O-O-O e5 17. fxe5 Bxe5 18. Nf3 Bf4+ 19. Kb1 Ne3 20. Bxe3 Bxe3
21. Rhe1 Bxc5 22. Re5 Bg4 23. Rxd5 Bb6 24. Rf1 Rae8 25. a4 Be6 26. Re5 Kg7 27.
Rfe1 Bd7 28. Rxe8 Rxe8 29. Rxe8 Bxe8 30. Be4 Bc6 31. Bxc6 bxc6 32. Kb2 Kf6 33.
Kc3 h5 34. Kd3 g5 35. Ke4 Bc7 36. h3 g4 37. hxg4 hxg4 38. Nd4 c5 39. Nb5 Bb8
40. Nc3 Kg5 41. Ne2 Bc7 42. Kd5 Bb6 43. c3 Kf5 44. b4 cxb4 45. cxb4 Be3 46. b5
Bb6 47. g3 Kf6 48. Nc3 Kf5 49. Ne4 Bc7 50. Nd6+ Kg5 51. Kc6 Bb6 52. Kb7 Bf2 53.
Ne4+ 1-0

[Event "Krajsky prebor jednotlivcu KHSS"]
[Site "Janske Lazne"]
[Date "2015.05.09"]
[Round "7.9"]
[White "Smajzr, Martin"]
[Black "Ruzickova, Radka"]
[Result "1-0"]
[WhiteElo "2204"]
[BlackElo "1777"]
[PlyCount "81"]
[EventDate "2015.05.05"]

1. e4 e6 2. f4 c5 3. Nc3 Nc6 4. d3 g6 5. Nf3 Bg7 6. g3 Nge7 7. Bg2 d6 8. O-O
Rb8 9. a4 a6 10. g4 f5 11. h3 b5 12. axb5 axb5 13. Ne2 Qb6 14. Kh2 b4 15. Ng3
O-O 16. exf5 exf5 17. gxf5 Bxf5 18. Nxf5 Rxf5 19. h4 Nd4 20. Nxd4 Bxd4 21. Qe1
Kf8 22. Bh3 Rf7 23. h5 d5 24. c3 bxc3 25. bxc3 Bg7 26. Ra3 Nf5 27. hxg6 hxg6
28. Qf2 Re7 29. Qf3 Rbe8 30. Rf2 d4 31. c4 Qb1 32. Bd2 Ne3 33. Qc6 Nd1 34. Rg2
Qb7 35. Qxc5 Qf3 36. Bg4 Qf1 37. Be2 Qxg2+ 38. Kxg2 Ne3+ 39. Bxe3 dxe3 40. Ra7
Kf7 41. Qd5+ 1-0

[Event "Krajsky prebor jednotlivcu KHSS"]
[Site "Janske Lazne"]
[Date "2015.05.09"]
[Round "7.10"]
[White "Framberk, Jan"]
[Black "Safarik, Jakub"]
[Result "1-0"]
[WhiteElo "2050"]
[BlackElo "2138"]
[PlyCount "139"]
[EventDate "2015.05.05"]

1. e4 c5 2. Nc3 Nc6 3. Nf3 d6 4. d4 cxd4 5. Nxd4 Nf6 6. Bg5 e6 7. Bb5 Bd7 8.
Bxc6 bxc6 9. Qf3 Be7 10. e5 Nd5 11. Ne4 dxe5 12. Nd6+ Bxd6 13. Bxd8 Rxd8 14.
Nb3 c5 15. O-O-O Bc6 16. Na5 Ba8 17. Nc4 Bb8 18. Rhe1 f6 19. Qe4 Kf7 20. g3 g6
21. Qe2 Rhe8 22. Ne3 Rc8 23. h4 h5 24. Nxd5 exd5 25. g4 hxg4 26. Qxg4 Rcd8 27.
Rg1 Rg8 28. Rge1 Bb7 29. Qa4 Ke6 30. Qb5 Rg7 31. Qa5 Rc8 32. Rg1 d4 33. Qd2 Bd5
34. Qh6 Rcg8 35. Rd3 Bd6 36. Rdg3 Kf5 37. Rxg6 Rxg6 38. Rxg6 Rxg6 39. Qh5+ Rg5
40. hxg5 fxg5 41. Qh6 Be7 42. Qh7+ Ke6 43. Qg8+ Kd6 44. Qb8+ Ke6 45. Qxa7 e4
46. Kd2 Bd6 47. Qb6 Kd7 48. b3 Bf4+ 49. Ke2 Bd6 50. a4 g4 51. a5 e3 52. fxe3 g3
53. exd4 g2 54. dxc5 Bh2 55. Qb5+ Ke7 56. c6 g1=Q 57. Qxd5 Bd6 58. Kd3 Qd1+ 59.
Kc4 Qe2+ 60. Qd3 Qe6+ 61. Kb5 Qe5+ 62. Ka6 Bc7 63. b4 Bd6 64. Qb5 Qc3 65. Qg5+
Ke6 66. Qg6+ Ke7 67. b5 Qc5 68. Qe4+ Kd8 69. c4 Bc7 70. Qd5+ 1-0

[Event "Krajsky prebor jednotlivcu KHSS"]
[Site "Janske Lazne"]
[Date "2015.05.09"]
[Round "7.11"]
[White "Kabelka, Ondrej"]
[Black "Sedivy, Martin"]
[Result "1-0"]
[WhiteElo "1737"]
[BlackElo "2049"]
[PlyCount "101"]
[EventDate "2015.05.05"]

1. c4 e6 2. d4 d5 3. Nc3 c6 4. e4 dxe4 5. Nxe4 Bb4+ 6. Nc3 Nf6 7. Nf3 Nbd7 8.
Be2 O-O 9. O-O c5 10. Qc2 Bxc3 11. bxc3 b6 12. Bf4 cxd4 13. cxd4 Qe7 14. Bd3
Bb7 15. Ne5 h6 16. Rae1 Rac8 17. Qb2 Nxe5 18. Bxe5 Nd7 19. Bg3 Qf6 20. f4 Nc5
21. Bb1 Rfd8 22. Bf2 Ba6 23. Qc2 Nd7 24. Qh7+ Kf8 25. f5 e5 26. dxe5 Nxe5 27.
Rxe5 Qxe5 28. Re1 Qxe1+ 29. Bxe1 Rd1 30. f6 gxf6 31. Kf2 Rxc4 32. Qxh6+ Ke7 33.
Qe3+ Kd8 34. Bd3 Ra4 35. Bxa6 Rxa6 36. Qe2 Rxe1 37. Kxe1 Ra5 38. Kf2 Re5 39.
Qd3+ Ke8 40. h4 Kf8 41. Qh7 Ra5 42. h5 Rxa2+ 43. Kg3 Ra5 44. Qh8+ Ke7 45. h6
Rg5+ 46. Kf2 a5 47. h7 a4 48. Qc8 Rh5 49. h8=Q Rxh8 50. Qxh8 b5 51. Qb8 1-0

[Event "Krajsky prebor jednotlivcu KHSS"]
[Site "Janske Lazne"]
[Date "2015.05.09"]
[Round "7.12"]
[White "Haman, Jakub"]
[Black "Malinovsky, Petr"]
[Result "1-0"]
[WhiteElo "2137"]
[BlackElo "1969"]
[PlyCount "105"]
[EventDate "2015.05.05"]

1. e4 c5 2. Nf3 e6 3. d4 cxd4 4. Nxd4 Nf6 5. Nc3 Nc6 6. Nxc6 bxc6 7. e5 Nd5 8.
Ne4 Qc7 9. f4 Qa5+ 10. c3 Be7 11. Bd3 Ba6 12. O-O Bxd3 13. Qxd3 f5 14. exf6
Nxf6 15. Be3 Nxe4 16. Qxe4 Qd5 17. Qa4 Bc5 18. Rfe1 O-O 19. Rad1 Bxe3+ 20. Rxe3
Qc5 21. Qd4 Qxd4 22. Rxd4 Rad8 23. g3 Kf7 24. Ra4 Ra8 25. Re5 Ke7 26. Rea5 Rfb8
27. b3 Rb7 28. Kf2 g6 29. Ke3 d5 30. Kd4 Kd6 31. c4 Rc7 32. Ra6 Rb7 33. R4a5
dxc4 34. bxc4 Rc7 35. h4 Rb7 36. Ra4 Rc7 37. Ra3 Rb7 38. Rb3 Rab8 39. c5+ Kc7
40. Rba3 Rd8+ 41. Ke5 Rd5+ 42. Kxe6 Rxc5 43. Rxa7 Rcb5 44. Rxb7+ Kxb7 45. Rb3
Kb6 46. g4 c5 47. Kd5 Ka6 48. Rxb5 Kxb5 49. f5 gxf5 50. gxf5 c4 51. Kd4 Kb4 52.
f6 c3 53. Kd3 1-0

[Event "Krajsky prebor jednotlivcu KHSS"]
[Site "Janske Lazne"]
[Date "2015.05.09"]
[Round "7.13"]
[White "Sobotnik, Petr"]
[Black "Neubauer, Vilem"]
[Result "0-1"]
[WhiteElo "2020"]
[BlackElo "1797"]
[PlyCount "92"]
[EventDate "2015.05.05"]

1. c4 g6 2. Nc3 Bg7 3. g3 f5 4. Bg2 Nf6 5. d4 d6 6. e3 O-O 7. Nge2 Nc6 8. O-O
e5 9. d5 Ne7 10. Qc2 g5 11. b4 Qe8 12. Nb5 Qd8 13. Bb2 a6 14. Nbc3 Qe8 15. c5
e4 16. Rad1 Qf7 17. Qb3 Ng4 18. h3 Ne5 19. f3 exf3 20. Bxf3 Nxf3+ 21. Rxf3 Qh5
22. Kg2 Ng6 23. Ng1 Ne5 24. Rff1 Bd7 25. c6 Bc8 26. cxb7 Bxb7 27. Qc2 Nc4 28.
Bc1 Rae8 29. Qd3 Nb6 30. Nge2 Re5 31. Kh2 Kh8 32. e4 fxe4 33. Rxf8+ Bxf8 34.
Nxe4 Rxd5 35. Bb2+ Bg7 36. Bxg7+ Kxg7 37. Qc3+ Re5 38. Qxc7+ Qf7 39. Qxf7+ Kxf7
40. Nxd6+ Kg7 41. Nc3 Bc6 42. Rf1 Nd5 43. Rf7+ Kg8 44. Nce4 Rxe4 45. Rc7 Re2+
46. Kg1 Nxc7 0-1

[Event "Krajsky prebor jednotlivcu KHSS"]
[Site "Janske Lazne"]
[Date "2015.05.09"]
[Round "7.14"]
[White "Vystrcil, Martin"]
[Black "Tichy, Miroslav"]
[Result "1-0"]
[WhiteElo "1999"]
[BlackElo "1957"]
[PlyCount "89"]
[EventDate "2015.05.05"]

1. e4 c5 2. Nf3 d6 3. d4 cxd4 4. Nxd4 a6 5. c4 Nf6 6. Nc3 Nc6 7. Be3 Ng4 8.
Nxc6 bxc6 9. Bf4 Qb6 10. Qd2 e5 11. Bg3 f5 12. f3 Qe3+ 13. Qxe3 Nxe3 14. Kd2
Nxf1+ 15. Rhxf1 f4 16. Bf2 Be6 17. b3 O-O-O 18. Kc2 Be7 19. Rad1 g5 20. Na4 g4
21. Bb6 Rd7 22. Ba5 Rb7 23. Rd2 Rg8 24. Rfd1 gxf3 25. gxf3 Bh3 26. b4 Rg2 27.
Nb6+ Kb8 28. Rxg2 Bxg2 29. Rg1 Bd8 30. Rxg2 Bxb6 31. Bxb6 Rxb6 32. a3 Rb7 33.
h4 d5 34. cxd5 cxd5 35. exd5 Rd7 36. Kd3 Rxd5+ 37. Ke4 Rd1 38. Kxe5 Ra1 39.
Rg8+ Kc7 40. Rg7+ Kb6 41. Rxh7 Rxa3 42. Kxf4 Rb3 43. Re7 Rxb4+ 44. Kg5 Rb5+ 45.
Kg6 1-0

[Event "Krajsky prebor jednotlivcu KHSS"]
[Site "Janske Lazne"]
[Date "2015.05.09"]
[Round "7.15"]
[White "Portych, Vaclav"]
[Black "Chalupecky, Vladimir"]
[Result "0-1"]
[WhiteElo "1877"]
[BlackElo "1962"]
[PlyCount "64"]
[EventDate "2015.05.05"]

1. c4 e5 2. Nc3 Nc6 3. Nf3 Nf6 4. g3 d5 5. cxd5 Nxd5 6. Bg2 Nxc3 7. bxc3 Bd6 8.
O-O O-O 9. d4 Qe7 10. e3 Bg4 11. Qb3 Rab8 12. Qa4 b5 13. Qc2 Rb6 14. Nd2 Na5
15. c4 Nxc4 16. Nxc4 bxc4 17. Qxc4 exd4 18. exd4 Be2 19. Qc2 Bxf1 20. Bxf1 Rfb8
21. Qa4 c5 22. dxc5 Bxc5 23. Bf4 Rb1 24. Bxb8 Rxa1 25. Qa6 g6 26. Kg2 Qe4+ 27.
f3 Qc2+ 28. Kh3 Bg1 29. Bd3 Qxh2+ 30. Kg4 h5+ 31. Kg5 Be3+ 32. Bf4 Qxg3+ 0-1

[Event "Krajsky prebor jednotlivcu KHSS"]
[Site "Janske Lazne"]
[Date "2015.05.09"]
[Round "7.16"]
[White "Matejovsky, Ondrej"]
[Black "Kotyza, Bohumil"]
[Result "1/2-1/2"]
[WhiteElo "1975"]
[BlackElo "1872"]
[PlyCount "43"]
[EventDate "2015.05.05"]

1. d4 d5 2. Nf3 Nf6 3. Bf4 e6 4. e3 Nbd7 5. c3 c5 6. Nbd2 Qb6 7. Qc2 Bd6 8. Bg3
O-O 9. Ne5 Re8 10. Ndf3 Ne4 11. Nxd7 Bxd7 12. Bd3 f5 13. Bxd6 Nxd6 14. Ne5 Bb5
15. Bxb5 Qxb5 16. a4 Qa5 17. O-O Rac8 18. Qb3 Re7 19. Qa3 Qc7 20. f3 Nf7 21.
Nd3 c4 22. Nf2 1/2-1/2

[Event "Krajsky prebor jednotlivcu KHSS"]
[Site "Janske Lazne"]
[Date "2015.05.09"]
[Round "7.17"]
[White "Pycha, Patrik"]
[Black "Martinovsky, Miroslav"]
[Result "1-0"]
[WhiteElo "2142"]
[BlackElo "1854"]
[PlyCount "63"]
[EventDate "2015.05.05"]

1. e4 e6 2. d4 d5 3. Nc3 Nf6 4. e5 Nfd7 5. f4 c5 6. Nf3 Nc6 7. Be3 cxd4 8. Nxd4
Nxd4 9. Bxd4 a6 10. Qg4 g6 11. Bd3 Bc5 12. Bxc5 Nxc5 13. O-O-O Nxd3+ 14. Rxd3
Bd7 15. Qd1 Qe7 16. Kb1 h5 17. Qd2 O-O-O 18. Rd1 Bc6 19. Ne2 Rd7 20. Nd4 Rc7
21. c4 Qc5 22. b4 Qb6 23. c5 Qa7 24. Rc1 Kd7 25. Qd1 Bb5 26. Rdc3 Rhc8 27. a4
Bc6 28. b5 axb5 29. axb5 Ra8 30. Qb3 Qa1+ 31. Kc2 Ra2+ 32. Kd1 1-0

[Event "Krajsky prebor jednotlivcu KHSS"]
[Site "Janske Lazne"]
[Date "2015.05.09"]
[Round "7.18"]
[White "Vit, Jakub"]
[Black "Stradej, Vlastimil"]
[Result "1/2-1/2"]
[WhiteElo "1720"]
[BlackElo "2013"]
[PlyCount "53"]
[EventDate "2015.05.05"]

1. c4 c6 2. g3 d5 3. cxd5 cxd5 4. Bg2 Nc6 5. d4 Nf6 6. Nf3 e6 7. O-O Be7 8. Nc3
O-O 9. Bd2 Bd7 10. Rc1 Rc8 11. e3 Na5 12. Ne5 Nc4 13. Nxc4 Rxc4 14. Ne2 Rxc1
15. Qxc1 Qb6 16. Nf4 Rc8 17. Qb1 Bb5 18. Rc1 Rc6 19. b3 Qc7 20. Rxc6 Qxc6 21.
Nd3 Bxd3 22. Qxd3 Ne4 23. Bxe4 dxe4 24. Qc4 Qd7 25. Qc2 f5 26. Kf1 Kf7 27. Qc4
1/2-1/2

[Event "Krajsky prebor jednotlivcu KHSS"]
[Site "Janske Lazne"]
[Date "2015.05.09"]
[Round "7.19"]
[White "Peniska, Pavel"]
[Black "Hatas, Radim"]
[Result "1/2-1/2"]
[WhiteElo "1929"]
[BlackElo "1642"]
[PlyCount "44"]
[EventDate "2015.05.05"]

1. e4 Nf6 2. e5 Nd5 3. d4 d6 4. c4 Nb6 5. exd6 cxd6 6. Nc3 Nc6 7. Be3 g6 8. Be2
Bg7 9. Nf3 O-O 10. O-O Bf5 11. Rc1 d5 12. b3 dxc4 13. bxc4 Na5 14. Na4 Nd7 15.
d5 b6 16. Nd4 Rc8 17. Nxf5 gxf5 18. c5 bxc5 19. Nxc5 Nf6 20. Ba6 Rb8 21. Bf4
Rb2 22. d6 exd6 1/2-1/2

[Event "Krajsky prebor jednotlivcu KHSS"]
[Site "Janske Lazne"]
[Date "2015.05.09"]
[Round "7.20"]
[White "Stanek, Petr"]
[Black "Solc, Filip"]
[Result "1/2-1/2"]
[WhiteElo "1902"]
[BlackElo "1816"]
[PlyCount "63"]
[EventDate "2015.05.05"]

1. e4 c5 2. d3 Nc6 3. g3 g6 4. Bg2 Bg7 5. f4 e6 6. Nc3 Nge7 7. Nf3 d5 8. O-O
O-O 9. Kh1 a6 10. a4 Rb8 11. Qe1 b5 12. axb5 axb5 13. g4 Nb4 14. Qf2 d4 15. Nd1
c4 16. Ne1 Nec6 17. f5 Ne5 18. Qg3 Rb6 19. Bf4 Nbc6 20. h4 Re8 21. fxg6 hxg6
22. Nf2 Kh7 23. Nh3 Rh8 24. g5 Rb7 25. Ra8 Kg8 26. Nf2 Kf8 27. Bh3 Ke7 28. Ng4
Nxg4 29. Bxg4 Ra7 30. Rxa7+ Nxa7 31. Bc7 Qd7 32. e5 1/2-1/2

[Event "Krajsky prebor jednotlivcu KHSS"]
[Site "Janske Lazne"]
[Date "2015.05.09"]
[Round "7.21"]
[White "Sadil, Jan"]
[Black "Peroutka, Ivo"]
[Result "0-1"]
[WhiteElo "1705"]
[BlackElo "1877"]
[PlyCount "84"]
[EventDate "2015.05.05"]

1. d4 d5 2. c4 c6 3. cxd5 cxd5 4. Nc3 Nc6 5. Nf3 Nf6 6. Bf4 e6 7. a3 a6 8. e3
Bd6 9. Bxd6 Qxd6 10. Bd3 Bd7 11. O-O O-O 12. Na4 e5 13. dxe5 Nxe5 14. Nxe5 Bxa4
15. Qxa4 Qxe5 16. Qd4 Qxd4 17. exd4 g6 18. Rfe1 Rfe8 19. Kf1 Kf8 20. Rxe8+ Kxe8
21. Rc1 Kd7 22. f3 Rc8 23. Rxc8 Kxc8 24. g4 h6 25. Kf2 Kd7 26. Ke3 g5 27. Kd2
Kd6 28. b3 Ne8 29. Ke3 Ng7 30. f4 Ne6 31. f5 Nd8 32. Kd2 Nc6 33. Kc3 b5 34. b4
Kc7 35. Be2 Kb6 36. Bf3 Ne7 37. Bg2 Kc6 38. Kd3 Ng8 39. h3 Nf6 40. Bf3 Kd6 41.
Ke3 Nd7 42. Be2 Nb6 0-1

[Event "Krajsky prebor jednotlivcu KHSS"]
[Site "Janske Lazne"]
[Date "2015.05.09"]
[Round "7.22"]
[White "Havelka, Petr"]
[Black "Cerny, David"]
[Result "1/2-1/2"]
[WhiteElo "1859"]
[BlackElo "1787"]
[PlyCount "32"]
[EventDate "2015.05.05"]

1. d4 d5 2. c4 c6 3. cxd5 cxd5 4. Nf3 Bf5 5. Bf4 Nf6 6. e3 e6 7. Bb5+ Nbd7 8.
O-O Be7 9. Nc3 a6 10. Bd3 Bxd3 11. Qxd3 Nh5 12. Bg3 Nxg3 13. hxg3 O-O 14. Nd2
b5 15. a3 Qb6 16. b4 Qb7 1/2-1/2

[Event "Krajsky prebor jednotlivcu KHSS"]
[Site "Janske Lazne"]
[Date "2015.05.09"]
[Round "7.23"]
[White "Steiner, Pavel"]
[Black "Palla, Rostislav"]
[Result "0-1"]
[WhiteElo "1845"]
[BlackElo "1740"]
[PlyCount "108"]
[EventDate "2015.05.05"]

1. d4 d5 2. c4 c6 3. Nf3 Nf6 4. Nc3 Bf5 5. Bf4 e6 6. e3 Qb6 7. Qb3 Qxb3 8. axb3
Nbd7 9. c5 Be7 10. h3 O-O 11. b4 a6 12. Be2 h6 13. Nd2 Rfe8 14. f3 Nh7 15. g4
Bg6 16. Kf2 Bh4+ 17. Bg3 Bxg3+ 18. Kxg3 f5 19. Rhf1 Nhf6 20. Rae1 e5 21. Bd3
f4+ 22. exf4 exf4+ 23. Kxf4 Bxd3 24. Rg1 Rxe1 25. Rxe1 Kf7 26. h4 Re8 27. Rxe8
Nxe8 28. Nb3 b5 29. Ke3 Bc2 30. Nd2 Nef6 31. Nf1 Nf8 32. Ng3 Ne6 33. Nge2 g5
34. hxg5 hxg5 35. Na2 Nd8 36. Kd2 Bg6 37. Nac1 Nb7 38. Nc3 a5 39. Nxb5 axb4 40.
Na7 Na5 41. Na2 b3 42. Nb4 Ke6 43. Naxc6 Nxc6 44. Nxc6 Ne8 45. Nb4 Nc7 46. Nc6
Nb5 47. Ke3 Bc2 48. Nd8+ Ke7 49. Nc6+ Kd7 50. Nb4 Na3 51. Nxd5 Nc4+ 52. Kf2
Nxb2 53. Nc3 Nd3+ 54. Ke2 b2 0-1